Southville International School and Colleges
Your cart is empty.
  • Cart
  • Lists
    Public lists Eva Luna New books Lux_list list_1
    Your lists Log in to create your own lists
  • Log in to your account
  • Your cookies
  • Search history
Southville International School and Colleges
  • Advanced search
  • Recent comments
  • Most popular
  • Libraries

Log in to your account

Log in with GOOGLE


If you do not have an external account, but do have a local account, you can still log in:

  1. Home
  2. MARC view: Excel applications for accounting principles /
Normal view MARC view ISBD view

Excel applications for accounting principles / (Record no. 48379)

[ view plain ]
MARC details
000 -LEADER
fixed length control field 00613nam a2200205Ia 4500
008 - FIXED-LENGTH DATA ELEMENTS--GENERAL INFORMATION
fixed length control field 140321s9999 xx 000 0 und d
020 ## - INTERNATIONAL STANDARD BOOK NUMBER
International Standard Book Number 9789814410816
050 ## - LIBRARY OF CONGRESS CALL NUMBER
Classification number HF 5584.4.M523
Item number .Sm57 2012
100 ## - MAIN ENTRY--PERSONAL NAME
Personal name Smith, Gaylord N.
245 ## - TITLE STATEMENT
Title Excel applications for accounting principles /
Statement of responsibility, etc Gaylord N. Smith.
250 ## - EDITION STATEMENT
Edition statement 4th ed.
260 ## - PUBLICATION, DISTRIBUTION, ETC. (IMPRINT)
Place of publication, distribution, etc Philippines :
Name of publisher, distributor, etc Cengage Learning,
Date of publication, distribution, etc c2012.
300 ## - PHYSICAL DESCRIPTION
Extent 198 p. :
Dimensions 26 cm.
521 ## - TARGET AUDIENCE NOTE
Target audience note
650 ## - SUBJECT ADDED ENTRY--TOPICAL TERM
Topical term or geographic name as entry element Business
General subdivision Computer programs.
650 ## - SUBJECT ADDED ENTRY--TOPICAL TERM
Topical term or geographic name as entry element Electronic spreadsheets.
650 ## - SUBJECT ADDED ENTRY--TOPICAL TERM
Topical term or geographic name as entry element Microsoft Excel (Computer file).
942 ## - ADDED ENTRY ELEMENTS (KOHA)
Call number prefix Local
Koha item type Books
Holdings
Withdrawn status Lost status Damaged status Home library Current library Shelving location Date acquired Total Checkouts Full call number Barcode Date last seen Price effective from Koha item type
      College Library College Library Reserve Section 03/21/2014   HF 5584.4.M523 .Sm57 2012 C17662 05/15/2018 03/21/2014 Books

Excel applications for accounting principles /

APA

Smith G. N., . (2012). Excel applications for accounting principles. Philippines: Cengage Learning.

Chicago

Smith Gaylord N, . 2012. Excel applications for accounting principles. Philippines: Cengage Learning.

Harvard

Smith G. N., . (2012). Excel applications for accounting principles. Philippines: Cengage Learning.

MLA

Smith Gaylord N, . Excel applications for accounting principles. Philippines: Cengage Learning. 2012.

  • Place hold
  • Print
  • Cite
  • Add to your cart (remove)
  • Save record
    BIBTEX Dublin Core MARCXML MARC (non-Unicode/MARC-8) MARC (Unicode/UTF-8) MARC (Unicode/UTF-8, Standard) MODS (XML) RIS
  • More searches
    Search for this title in:
    Other Libraries (WorldCat) Other Databases (Google Scholar) Online Stores (Bookfinder.com) Open Library (openlibrary.org)

Exporting to Dublin Core...

SOUTHVILLE LIBRARY

Southville International School and Colleges Library

1281 Tropical Ave. Cor. Luxembourg St., BF Homes International, Las Pinas City

Tel. No. 8256374 / 252358 Loc. 117/146

Powered by Koha